Normal view
MARC view
Entry Personal Name
001 - CONTROL NUMBER
- control field: 56954
003 - CONTROL NUMBER IDENTIFIER
- control field: dpl
005 - DATE AND TIME OF LATEST TRANSACTION
- control field: 20230919151417.0
008 - FIXED-LENGTH DATA ELEMENTS
- fixed length control field: 230919|| aca||aabn | a|a d
040 ## - CATALOGING SOURCE
- Original cataloging agency: dpl
- Transcribing agency: dpl
100 ## - HEADING--PERSONAL NAME
- Personal name: झा, वीरेन्द्र नारायण
670 ## - SOURCE DATA FOUND
- Source citation: Work cat.: (dpl)198368: झा, वीरेन्द्र नारायण , राइट टू गाली/ , 2022
